000 00249nam a2200097Ia 4500
001 1229035
005 20250827093053.0
008 250824s9999 xx 000 0 und d
245 0 _aAZAT KUŞU
_cGÜLTEN DAYIOĞLU
260 _bALTIN KİTAPLAR YAYINLARI
999 _c1229035
_d1229035